000 00661nam a2200253Ia 4500
005 20260121161115.0
008 008 260114s9999 xx 000 0 eng d
020 _a9780203782286
037 _aEBOOK
040 _aCRL
040 _beng
040 _cCRL
041 _2eng
041 _aeng
084 _qCRL
100 _a Janis H. Crowther; Daniel L. Tennenbaum; Mary A. Stephens; Stevan E. Hobfoll
_91040278
245 4 _aThe Etiology Of Bulimia Nervosa
260 _bTaylor and Francis
260 _c1992
856 _uhttp://www.taylorfrancis.com/books/9780203782286
942 _cEBOOK
999 _c1607094
_d1607094